书目信息 |
| 题名: |
单相电动机修理自学指导
|
|
| 作者: | 松柏 编著 | |
| 分册: | ||
| 出版信息: | 北京 北京科学技术出版社 1997.11 |
|
| 页数: | 232页 | |
| 开本: | 32开 | |
| 丛书名: | ||
| 单 册: | ||
| 中图分类: | TM344.107 | |
| 科图分类: | ||
| 主题词: | 交流电机 | |
| 电子资源: | ||
| ISBN: | 7-5304-1904-8 | |
| 000 | 00579nam0 2200193 45 | |
| 001 | 0010020904 | |
| 005 | 20001002090827.9 | |
| 010 | @a7-5304-1904-8@d14.00元 | |
| 100 | @a20001002d1997 km y0chiy0120 ea | |
| 101 | 0 | @achi |
| 105 | @a z 000yy | |
| 200 | 1 | @a单相电动机修理自学指导@ADan Xiang Dian Dong Ji Xiu Li Zi Xue Zhi Dao@f松柏编著@FSong Bai Bian Zhu |
| 210 | @a北京@c北京科学技术出版社@d1997.11 | |
| 215 | @a232页@d32开 | |
| 606 | 0 | @a交流电机 |
| 690 | @aTM344.107@v3 | |
| 701 | 0 | @a松柏@4编著 |
| 801 | @aCN@bPftUser@c20001002 | |
| 905 | @b161013-017@dTM344.107@eS.027@f5 | |
| 单相电动机修理自学指导/松柏编著.-北京:北京科学技术出版社,1997.11 |
| 232页;32开 |
| ISBN 7-5304-1904-8:14.00元 |
| ● |
| 相关链接 |
|
|
|
正题名:单相电动机修理自学指导
索取号:TM344.107/S.027
 
预约/预借
| 序号 | 登录号 | 条形码 | 馆藏地/架位号 | 状态 | 备注 |
| 1 | 161013 | 201610131 | 自科二线404/404自科库 23排6列2层/ [索取号:TM344.107/S.027] | 在馆 | |
| 2 | 161014 | 201610140 | 自科二线404/301自科库 8排4列5层/ [索取号:TM344.107/S.027] | 在馆 | |
| 3 | 161015 | 201610159 | 自科二线404/301自科库 8排4列5层/ [索取号:TM344.107/S.027] | 在馆 | |
| 4 | 161016 | 201610168 | 自科二线404/301自科库 8排4列5层/ [索取号:TM344.107/S.027] | 在馆 | |
| 5 | 161017 | 201610177 | 自科二线404/404自科库 23排6列2层/ [索取号:TM344.107/S.027] | 在馆 |